书目信息 |
| 题名: |
历年考研政治真题解析及复习思路
|
|
| 作者: | 张剑峰 主编 | |
| 分册: | ||
| 出版信息: | 北京 世界图书出版公司 2010.03 |
|
| 页数: | 392页 | |
| 开本: | 20cm | |
| 丛书名: | ||
| 单 册: | ||
| 中图分类: | D0-44 | |
| 科图分类: | ||
| 主题词: | 政治理论 | |
| 电子资源: | ||
| ISBN: | 978-7-5062-7814-0 | |
| 000 | 00679nam0 2200205 450 | |
| 001 | 1138061814 | |
| 005 | 20110617143757.67 | |
| 010 | @a978-7-5062-7814-0@dCNY35.80 | |
| 100 | @a20110609d2010 km y0chiy0120 ea | |
| 101 | 0 | @achi |
| 102 | @aCN@b110000 | |
| 200 | 1 | @a历年考研政治真题解析及复习思路@Ali nian kao yan zheng zhi zhen ti jie xi ji fu xi si lu@e珍藏版@f张剑峰主编@Fzhang jian feng zhu bian |
| 210 | @a北京@c世界图书出版公司@d2010.03 | |
| 215 | @a392页@d20cm | |
| 517 | 1 | @a珍藏版@Azhen cang ban |
| 606 | 0 | @a政治理论 |
| 690 | @aD0-44@v4 | |
| 701 | 0 | @a张剑峰@Azhang jian feng@4主编 |
| 801 | 0 | @aCN@b大连网信软件有限公司图书馆·11@c20110617 |
| 905 | @aZUCC@dD0-44@eZ1201 | |
| 历年考研政治真题解析及复习思路:珍藏版/张剑峰主编.-北京:世界图书出版公司,2010.03 |
| 392页;20cm |
| ISBN 978-7-5062-7814-0:CNY35.80 |
| ● |
| 相关链接 |
|
|
|
正题名:历年考研政治真题解析及复习思路
索取号:D0-44/Z1201
 
预约/预借
| 序号 | 登录号 | 条形码 | 馆藏地/架位号 | 状态 | 备注 |
| 1 | 466477 | 204664773 | 社科库509/509社科库 67排5列5层/ [索取号:D0-44/Z1201] | 在馆 |